Evénements du 22 février - Statistiques

Statistiques générales
  • Ce quiz a été pris 44 fois
  • Le résultat moyen est 8 sur 15
Statistiques - réponses
Hint Réponse % Correct
Les résistants allemands de La Rose blanche sont guillotinés 1943
86%
Début de la Révolution contre Louis-Philippe 1848
74%
Naissance du journaliste Roger Gicquel 1933
66%
Naissance de Charles VII de France 1403
60%
Fin du service militaire obligatoire en France 1996
57%
Louis XV est déclaré majeur 1723
54%
La fusée Ariane met en orbite Spot 1 1986
54%
L'empoisonneuse La Voisin est brûlée vive 1680
51%
Naissance du cinéaste Luis Bunuel 1900
49%
L'Espagne cède la Floride aux Etats-Unis 1819
46%
Naissance de George Washington 1732
43%
Les 2 Dakotas, le Montana et l'état de Washington deviennent des états des Etats-Unis 1889
34%
Indépendance de Sainte-Lucie 1979
34%
Naissance de l'écrivain Jules Renard 1864
29%
Présentation de la brebis clonée Dolly 1997
29%
Aucun quiz correspondant
Distribution des résultats
% des personnes avec chaque résultat
Percentile par nombre de réponses
Votre historique - résultats
Vous n’avez pas pris ce quiz